Influence of chlorination on morphology and homogeneity of waste polymers and waste engine oil modified asphalt blends /
Saved in:
| Main Author: | |
|---|---|
| Format: | Thesis Book |
| Language: | English |
| Published: |
2013.
|
| Subjects: | |
| Tags: |
Add Tag
No Tags, Be the first to tag this record!
|
| LEADER | 01110cam a2200313 i 4500 | ||
|---|---|---|---|
| 001 | u1011649 | ||
| 003 | SIRSI | ||
| 005 | 201503161302 | ||
| 008 | 150316s2013 my a m 000 0 eng | ||
| 040 | |a UMM |e rda | ||
| 090 | |a QD3 |b UMP 2013 Abo | ||
| 100 | 1 | |a Aboo, Shaimaa S. |e author. | |
| 245 | 1 | 0 | |a Influence of chlorination on morphology and homogeneity of waste polymers and waste engine oil modified asphalt blends / |c Shaimaa, S. Aboo. |
| 264 | 1 | |c 2013. | |
| 264 | 4 | |c 2013. | |
| 300 | |a xxvi, 198 leaves : |b illustrations ; |c 30 cm. | ||
| 336 | |a text |2 rdacontent. | ||
| 337 | |a unmediated |2 rdamedia. | ||
| 338 | |a volume |2 rdacarrier. | ||
| 502 | |b Ph.D. |c Jabatan Kimia, Fakulti Sains, Universiti Malaya |d 2013. | ||
| 504 | |a Bibliography: 162-180 leaves. | ||
| 530 | |a Issued also in CD. | ||
| 650 | 0 | |a Polyethylene. | |
| 650 | 0 | |a Asphalt. | |
| 650 | 0 | |a Chlorination. | |
| 710 | 2 | |a Universiti Malaya. |b Jabatan Kimia, |e degree granting instituition. | |
| 900 | |a NSR NSM | ||
| 596 | |a 1 | ||
| 999 | |a QD3 UMP 2013 ABO |w LC |c 1 |i A516118213 |d 27/9/2016 |f 27/9/2016 |g 1 |l STACKS |m P01UTAMA |r Y |s Y |t TESIS |u 27/9/2016 |1 STEM | ||
